| 000 | 00562nam a2200169Ia 4500 | ||
|---|---|---|---|
| 003 | GCL | ||
| 008 | 140319s9999 xx 000 0 ara d | ||
| 040 |
_aGCL / _cGCL |
||
| 082 | 0 | 4 |
_aط _b495.6 _bش هـ |
| 100 | 1 | _aشهاب فارس | |
| 245 | 1 | 0 |
_aهيا نتعلم حروف اليابانية / _cشهاب فارس |
| 260 |
_aالقاهرة : _bوكالة الاهرام للتوزيع ، _c0 |
||
| 300 |
_a124 ص ؛ _c32 سم |
||
| 650 | 0 | 4 | _aاللغة اليابانية |
| 650 | 0 | 4 | _aاللغة اليابانية - طرق وتدريس |
| 942 |
_2ddc _cBK |
||
| 999 |
_c58127 _d58127 |
||